Normal view
MARC view
- Maddison, Raymond.
Entry Personal Name
001 - CONTROL NUMBER
- control field: 6344
003 - CONTROL NUMBER IDENTIFIER
- control field: OSt
005 - DATE AND TIME OF LATEST TRANSACTION
- control field: 20170519102034.0
008 - FIXED-LENGTH DATA ELEMENTS
- fixed length control field: 170519|| aca||aabn | a|a d
040 ## - CATALOGING SOURCE
- Original cataloging agency: OSt
- Transcribing agency: OSt
100 ## - HEADING--PERSONAL NAME
- Personal name: Maddison, Raymond.
670 ## - SOURCE DATA FOUND
- Source citation: Work cat.: (OSt): Desatnick, Robert L. 6342, Human resource management in the multinational company /, 1977

PORTAL AKMAL
E-MEL JKDM
AKMAL2U
G-BAM
u-PUSTAKA